000 00572nam a22001931a 4500
001 6215
003 OSt
005 20260204212043.0
008 060314s1996||||ck ||||||b||||||||||spa||
020 _a9586004512
050 _a658.81 J63g
100 _aJohnson, Eugene M.
245 _aGerencias de ventas: Conceptos, prácticas y casos / Eugene M. Johnson, David L. Kurtz y Eberhard E. Scheuing
264 _aColombia : McGraw-Hill
300 _a4 Tomos
650 _a1.Administración de Venta
700 _aKurtz, David L. II.Scheuing, EberhardÌ
942 _2ddc
_cBK
999 _c6215
_d6215